Team Deutsch neu /

Hlavní autor: Esterl, Ursula
Další autoři: Körner, Elke, Einhorn, Ágnes, 1959-, Kubicka, Aleksandra, Andrášová, Hana, 1961-, Beňová, Zuzana, Jenkins, Eva-Maria
Jazyk: Němčina
Čeština
Vydáno: Praha : Klett, 2021-
Vydání: 1. vydání
Témata:
Fyzický popis: ^^^svazků : barevné ilustrace, mapy, portréty, noty ; 30 cm
Odebírané svazky: učebnice, pracovní sešit 1-2, přehled gramatiky
Language note: Částečně český text
Knihy
Uloženo v:
LEADER 03846cam a2200757 ia4500
001 nkc20213345332
003 CZ PrNK
005 20230403073334.0
007 ta
008 210419m20219999xr abcgc p 000 0 ger d
015 |a cnb003345332 
020 |a 978-80-7397-239-4  |q (učebnice ;  |q brožováno) 
020 |a 978-80-7397-370-4  |q (soubor pracovních sešitů a přehledu gramatiky) 
020 |a 978-80-7397-240-0  |q (pracovní sešit 1 ;  |q brožováno) 
020 |a 978-80-7397-241-7  |q (pracovní sešit 2 ;  |q brožováno) 
020 |a 978-80-7397-369-8  |q (přehled gramatiky ;  |q skládanka) 
020 |a 978-80-7397-242-4  |q (metodická příručka ;  |q brožováno) 
035 |a (OCoLC)1375349729 
040 |a OSA001  |b cze  |d BOA001  |d ABA001  |e rda 
041 0 |a ger  |a cze 
072 7 |a 811.112.2  |x Němčina  |2 Konspekt  |9 11 
072 7 |a 37.016  |x Učební osnovy. Vyučovací předměty. Učebnice  |2 Konspekt  |9 22 
080 |a 811.112.2  |2 MRF 
080 |a (075.2)  |2 MRF 
080 |a (076.1)  |2 MRF 
080 |a (048.8)  |2 MRF 
080 |a (07.062)81  |2 MRF 
100 1 |a Esterl, Ursula  |7 mzk2007394779  |4 aut 
245 1 0 |a Team Deutsch neu /  |c Ursula Esterl, Elke Körner, Ágnes Einhorn, Aleksandra Kubicka, Hana Andrášová, Zuzana Beňová 
246 1 |i Obálkový podnázev:  |a Němčina pro 8. a 9. ročník základních škol 
250 |a 1. vydání 
264 1 |a Praha :  |b Klett,  |c 2021- 
300 |a ^^^svazků :  |b barevné ilustrace, mapy, portréty, noty ;  |c 30 cm 
336 |a text  |b txt  |2 rdacontent 
337 |a bez média  |b n  |2 rdamedia 
338 |a svazek  |b nc  |2 rdacarrier 
500 |a Část nákladu pracovních sešitů a přehledu gramatiky distribuována jako soubor ve folii s nalepeným ISBN souboru 
505 1 |a Učebnice němčiny pro 8. a 9. ročník základních škol. 2021. 151 stran -- Pracovní sešit. 1. díl / Ursula Esterl, Elke Körner, Ágnes Einhorn, Eva-Maria Jenkins, Hana Andrášová, Zuzana Beňová. 2021. 83 stran -- Pracovní sešit. 2. díl / Ursula Esterl, Elke Körner, Ágnes Einhorn, Eva-Maria Jenkins, Hana Andrášová, Zuzana Beňová. 2021. 91 stran -- Přehled gramatiky. [2021]. 6 stran 
521 8 |a Jazyková úroveň A1 
546 |a Částečně český text 
650 0 7 |a němčina  |7 ph115512  |2 czenas 
650 0 9 |a German language  |2 eczenas 
653 0 |a jazyková úroveň A1 
655 7 |a učebnice základních škol  |7 fd133773  |2 czenas 
655 7 |a pracovní sešity  |7 fd133116  |2 czenas 
655 7 |a přehledy  |7 fd133202  |2 czenas 
655 7 |a jazykové učebnice, texty, příručky (A)  |7 fd600889  |2 czenas 
655 9 |a textbooks (elementary)  |2 eczenas 
655 9 |a activity books  |2 eczenas 
655 9 |a surveys  |2 eczenas 
655 9 |a language textbooks, texts, handbooks (A)  |2 eczenas 
700 1 |a Körner, Elke  |7 mzk2007394780  |4 aut 
700 1 |a Einhorn, Ágnes,  |d 1959-  |7 xx0015760  |4 aut 
700 1 |a Kubicka, Aleksandra  |7 mub2013739977  |4 aut 
700 1 |a Andrášová, Hana,  |d 1961-  |7 mzk2005273186  |4 aut 
700 1 |a Beňová, Zuzana  |7 jo20191049699  |4 aut 
700 1 |a Jenkins, Eva-Maria  |7 mzk2006323053  |4 aut 
910 2 |a BOA001  |b 4-1484.573  |s učebnice, pracovní sešit 1-2, přehled gramatiky 
920 |a 006473528  |z OSA001 
990 |a BK 
995 |a 01 
991 |b 202205  |c NOV 
996 6 |b 2610900334  |c 4-1484.573  |d 1, učebnice  |v 1  |l MZK  |r Sklad / do 1 hodiny  |n 1  |p p.v.  |w 001884139  |u 000010  |a 1  |e BOA001  |j MZK50  |s P 
996 6 |b 2610900335  |c 4-1484.573  |d 2, pracovní sešit 1. díl  |v 2  |l MZK  |r Sklad / do 1 hodiny  |n 1  |p p.v.  |w 001884139  |u 000020  |a 1  |e BOA001  |j MZK50  |s P 
996 6 |b 2610900336  |c 4-1484.573  |d 3, pracovní sešit 2. díl  |v 3  |l MZK  |r Sklad / do 1 hodiny  |n 1  |p p.v.  |w 001884139  |u 000030  |a 1  |e BOA001  |j MZK50  |s P 
996 6 |b 2610900337  |c 4-1484.573  |d 4, přehled gramatiky  |v 4  |l MZK  |r Sklad / do 1 hodiny  |n 1  |p p.v.  |w 001884139  |u 000040  |a 1  |e BOA001  |j MZK50  |s P